|
|
|
|
| LEADER |
00000nam0a2200000 4500 |
| 001 |
284156 |
| 005 |
20231101235652.0 |
| 020 |
|
|
|a RU
|b 85-20645ж
|
| 035 |
|
|
|a (RuTPU)RU\TPU\book\308295
|
| 090 |
|
|
|a 284156
|
| 100 |
|
|
|a 20150212d1985 k y0rusy5003 ca
|
| 101 |
0 |
|
|a rus
|
| 102 |
|
|
|a RU
|
| 105 |
|
|
|a a z 000zy
|
| 200 |
1 |
|
|a Проблемы литологии Мирового океана. Минералогия и геохимия Тихого океана
|f Академия наук СССР (АН СССР), Геологический институт (ГИН) ; под ред. П. П. Тимофеева
|
| 210 |
|
|
|a Москва
|c Наука
|d 1985
|
| 215 |
|
|
|a 221 с.
|c ил.
|
| 225 |
1 |
|
|a Труды ГИН (Геологического института АН СССР)
|v Вып. 398
|
| 606 |
1 |
|
|a Прибрежные отложения
|2 stltpush
|3 (RuTPU)RU\TPU\subj\51644
|9 70217
|
| 610 |
1 |
|
|a морские осадки
|
| 610 |
1 |
|
|a геохимия
|
| 610 |
1 |
|
|a минералогический состав
|
| 610 |
1 |
|
|a Тихий океан
|
| 610 |
1 |
|
|a литология
|
| 675 |
|
|
|a 551.351:550.4
|z rus
|v 4
|
| 702 |
|
1 |
|a Тимофеев
|b П. П.
|g Петр Петрович
|4 340
|
| 712 |
0 |
2 |
|a Академия наук СССР (АН СССР)
|b Геологический институт (ГИН)
|c (Москва)
|2 stltpush
|3 (RuTPU)RU\TPU\col\11354
|
| 801 |
|
0 |
|a RU
|b RuMRKP
|c 19950704
|g psbo
|
| 801 |
|
1 |
|a RU
|b 63413507
|c 20150212
|
| 801 |
|
2 |
|a RU
|b 63413507
|c 20180219
|g RCR
|
| 942 |
|
|
|c BK
|